Statistiken für Köln - Quiz

Klicken Sie hier um das Quiz zu spielen!

Allgemein

  • Dieses Quiz wurde 112 mal gespielt
  • Das Durchschnittsergebnis liegt bei 15 aus 20

Antwortstatistiken

HinweisAntwort% Korrekt
Bundesland, in dem Köln liegtNordrhein-Westfalen
99%
Größter FlussRhein
99%
In Köln gesprochene Variante des Ripuarischen und zugleich der Name des Biers, das in Köln getrunken wirdKölsch
98%
Größter Fußballverein1. FC Köln
94%
So wird Köln in dem oben gesuchten Dialekt ausgesprochenKölle
90%
Deutschsprachiger Privatsender mit Sitz in Köln (vorheriger Sitz: Luxemburg)RTL
90%
Wahrzeichen der StadtKölner Dom
89%
Entertainer, unter anderem bekannt für TV TotalStefan Raab
86%
Internationaler VerkehrsflughafenFlughafen Köln/Bonn
85%
Brauchtum, das vor Aschermittwoch gefeiert wirdKarneval
84%
Narrenruf im Zusammenhang mit dem BrauchtumAlaaf
79%
Römischer Name der StadtColonia Claudia Ara Agrippinensium
75%
Maskottchen dieses VereinsHennes
75%
Einer der größten Lebensmitteleinzelhändler in Deutschland mit Sitz in KölnRewe
75%
Benachbarte GroßstädteLeverkusen
74%
Ehemaliger Kölner Oberbügermeister und BundeskanzlerKonrad Adenauer
69%
Messe für interaktive UnterhaltungselektronikGamescom
61%
Rheinbrücke unweit des HauptbahnhofsHohenzollernbrücke
58%
Benachbarte GroßstädteBergisch Gladbach
43%
Dieser liegt zum Teil auf dem Gebiet dieser NachbarstadtTroisdorf
23%

Verteilung der Resultate

Perzentil nach korrekt beantworteten Fragen

Anzahl Personen mit jedem Resultat

Ihre Resultats-Entwicklung

Sie haben dieses Quiz noch nicht gespielt